000 00477nam a2200169 i 4500
001 79759
003 ES-MaACL
005 20230906174039.0
007 t|
008 041025s1963 sp ||||1| spa d
100 1 _aHerrero, Javier.
_963268
245 1 0 _aFernán Caballero
_b: un nuevo planteamiento /
_cJavier Herrero.
260 _aMadrid :
_bGredos,
_c[1963]
300 _a346 p. ;
_c24 cm.
600 0 4 _aCaballero, Fernán.
_933079
852 _aES-MaACL
_jC-24102
_bR.52799
999 _c79759
_d79759